mysqli: Table './ulib62015/stat_globaluid' is marked as crashed and should be repaired
select id from stat_globaluid where statuid='20260517203847_1848'
mysqli: Table './ulib62015/stat_globaluid' is marked as crashed and should be repaired
DELETE FROM stat_globaluid
WHERE id NOT IN (
SELECT id
FROM (
SELECT id
FROM stat_globaluid
ORDER BY id DESC
LIMIT 100
) foo
);
mysqli: Table './ulib62015/stat_globaluid' is marked as crashed and should be repaired
insert into stat_globaluid set
statuid='20260517203847_1848',
dt='1779025127',
phpself='/ULIB62015/dublinfull.php',
agent='Mozilla/5.0 AppleWebKit/537.36 (KHTML, like Gecko; compatible; ClaudeBot/1.0; +claudebot@anthropic.com)',
yea='2026',
mon='5',
dat='17',
ip='216.73.216.45'
mysqli: Table './ulib62015/stathist_viewbib_bib_type' is marked as crashed and should be repaired
insert into stathist_viewbib_bib_type set
dat='17' ,
mon='05' ,
yea='2026' ,
statuid='20260517203847_1848' ,
head='30444' ,
foot='marc' ,
dt='1779025127'
| LEADER : 01174nam 2200277 a 4500 |
| 008 030417s2004 caua sb 001 0 eng |
| 020 ^a974-7769-16-6 |
| 050 ^a308 |
| 060 ^aM665 |
| 082 ^aWD |
| 100 ^aMINISTRY OF PUBLIC HEALTH THAILAND |
| 245 ^aGUIDELINES FOR THE CLINICAL MANAGEMENT OF HIV INFECTION IN CHILDREN/ADULTS |
| 913 ^aImported by ULIBM Administrator |
| 945 ^p0^l0^i006473
|
| 945 ^p0^l0^i010623 |
| 949 ^aImport form external file by ULIBM system |
| คุณยังไม่ได้ล็อกอิน คุณสามารถมีกิจกรรมร่วมกับเว็บไซต์ได้ แต่ต้องล็อกอินก่อน :: |
|
|
|
| ลำดับที่ |
ประเภท |
เลขเรียก/บาร์โค้ด |
สถานที่ |
สถานะ |
| 1. |
 หนังสือ | WD 308 M665 2004 ฉ.1 Barcode: 006473 | หนังสือทั่วไป | บนชั้น ขอยืม |
| 2. |
 หนังสือ | WD 308 M665 2004 ฉ.2 Barcode: 010623 | หนังสือทั่วไป | บนชั้น ขอยืม |
|
ยังไม่เคยถูกคอมเมนท์
|
| คอมเมนท์ทรัพยากรรายการนี้ |
|